[Event "Oberliga Nord N 1213"]
[Site "Germany"]
[Date "2013.02.24"]
[Round "7.3"]
[White "Kull, Florian"]
[Black "Kosak, Michael"]
[Result "0-1"]
[WhiteElo "2188"]
[BlackElo "2185"]
[PlyCount "64"]
[EventDate "2012.10.14"]
[EventType "team-tourn"]
[EventRounds "9"]
[EventCountry "GER"]
[SourceTitle "EXT 2015"]
[Source "ChessBase"]
[SourceDate "2014.11.20"]
[SourceVersion "1"]
[SourceVersionDate "2014.11.20"]
[SourceQuality "1"]
[WhiteTeam "Hamburg Schachfreunde"]
[BlackTeam "Neumuenster Agon"]
[WhiteTeamCountry "GER"]
[BlackTeamCountry "GER"]

1. c4 Nf6 2. Nc3 g6 3. g3 Bg7 4. Bg2 0-0 5. Nf3 d6 6. 0-0 e5 7. d3 Re8 8. Bg5 Nbd7 9. Qc1 a5 10. Rb1 c6 11. Ne1 Nc5 12. Nc2 Be6 13. a3 a4 14. Nb4 Qc8 15. Re1 Bh3 16. Bh1 Qc7 17. Qd1 Nfd7 18. Be3 h6 19. d4 exd4 20. Bxd4 Ne5 21. f4 Nxc4 22. Bxg7 Ne3 23. Qd4 Nb3 24. Qf6 Ng4 25. Ncd5 cxd5 26. Qc3 Qb6+ 27. e3 Nxe3 28. Bf3 Nd1+ 29. Bd4 Rxe1+ 30. Qxe1 Qxd4+ 31. Kh1 Nf2+ 32. Kg1 Nd3+ 0-1

[Event "Oberliga Ost-B 0910"]
[Site "Germany"]
[Date "2010.04.10"]
[Round "10.7"]
[White "Kosak, Michael"]
[Black "Schmuck, Helmut"]
[Result "1-0"]
[WhiteElo "2172"]
[BlackElo "2077"]
[PlyCount "63"]
[EventDate "2009.10.18"]
[EventType "team-tourn"]
[EventRounds "11"]
[EventCountry "GER"]
[SourceTitle "EXT 2011"]
[Source "ChessBase"]
[SourceDate "2010.11.26"]
[SourceVersion "1"]
[SourceVersionDate "2010.11.26"]
[SourceQuality "1"]
[WhiteTeam "Giessen"]
[BlackTeam "Erfurt Medizin"]
[WhiteTeamCountry "GER"]
[BlackTeamCountry "GER"]

1. d4 d5 2. c4 c6 3. Nf3 Nf6 4. Nc3 e6 5. Bg5 h6 6. Bxf6 Qxf6 7. Qb3 Nd7 8. e4 dxe4 9. Nxe4 Qf5 10. Bd3 Qa5+ 11. Nc3 Be7 12. 0-0 0-0 13. Rfe1 Qb6 14. Qc2 Bf6 15. Rad1 Re8 16. Ne5 Nf8 17. Ne4 Be7 18. c5 Qc7 19. b4 f5 20. Ng3 Bf6 21. Bc4 Bxe5 22. Rxe5 g6 23. h4 h5 24. Ne2 Bd7 25. Nf4 Re7 26. Rde1 Rae8 27. d5 cxd5 28. Nxd5 exd5 29. Rxe7 Rxe7 30. Rxe7 dxc4 31. Qc3 Ne6 32. Qf6 1-0

[Event "Rhein Main op 12th"]
[Site "Bad Homburg"]
[Date "2009.06.14"]
[Round "7"]
[White "Kosak, Michael"]
[Black "Herda, Christoph"]
[Result "1-0"]
[WhiteElo "2128"]
[BlackElo "1827"]
[PlyCount "77"]
[EventDate "2009.06.10"]
[EventType "swiss"]
[EventRounds "7"]
[EventCountry "GER"]
[SourceTitle "CBM 131 Extra"]
[Source "ChessBase"]
[SourceDate "2009.09.03"]
[SourceVersion "2"]
[SourceVersionDate "2009.09.16"]
[SourceQuality "1"]

1. d4 Nf6 2. c4 c5 3. d5 b5 4. cxb5 a6 5. b6 Qxb6 6. Nc3 g6 7. Nf3 Bg7 8. e4 d6 9. Nd2 0-0 10. Be2 Nbd7 11. Nc4 Qc7 12. Bf4 Nb6 13. Ne3 Nfd7 14. 0-0 Bb7 15. a4 Bxc3 16. bxc3 Nf6 17. a5 Nbd7 18. Qc2 Kg7 19. Rfd1 Rfb8 20. Bg3 Ne8 21. Nc4 f6 22. f4 Ra7 23. Bg4 Bc8 24. Re1 Ne5 25. fxe5 Bxg4 26. e6 g5 27. h4 h6 28. hxg5 hxg5 29. Kf2 Bh5 30. Rh1 Bg6 31. Rh2 Qb7 32. Rah1 Qb3 33. Qxb3 Rxb3 34. Rh8 Rxc3 35. Ne3 Bxe4 36. Rxe8 Rb7 37. Rhh8 f5 38. Reg8+ Kf6 39. Rh6# 1-0

[Event "Rhein Main op 12th"]
[Site "Bad Homburg"]
[Date "2009.06.12"]
[Round "4"]
[White "Faqiry, Ramat"]
[Black "Kosak, Michael"]
[Result "1/2-1/2"]
[WhiteElo "1974"]
[BlackElo "2128"]
[PlyCount "27"]
[EventDate "2009.06.10"]
[EventType "swiss"]
[EventRounds "7"]
[EventCountry "GER"]
[SourceTitle "CBM 131 Extra"]
[Source "ChessBase"]
[SourceDate "2009.09.03"]
[SourceVersion "2"]
[SourceVersionDate "2009.09.16"]
[SourceQuality "1"]

1. d4 Nf6 2. c4 g6 3. Nf3 Bg7 4. g3 0-0 5. Bg2 c5 6. 0-0 cxd4 7. Nxd4 d5 8. cxd5 Nxd5 9. Nc3 Nxc3 10. bxc3 Qa5 11. Qb3 Nc6 12. e3 Qa6 13. Rb1 Rd8 14. Bd5 1/2-1/2

[Event "Rhein Main op 12th"]
[Site "Bad Homburg"]
[Date "2009.06.10"]
[Round "1"]
[White "Kosak, Michael"]
[Black "Petri, Igor"]
[Result "1-0"]
[WhiteElo "2128"]
[BlackElo "1818"]
[PlyCount "55"]
[EventDate "2009.06.10"]
[EventType "swiss"]
[EventRounds "7"]
[EventCountry "GER"]
[SourceTitle "CBM 131 Extra"]
[Source "ChessBase"]
[SourceDate "2009.09.03"]
[SourceVersion "2"]
[SourceVersionDate "2009.09.16"]
[SourceQuality "1"]

1. d4 e6 2. c4 f5 3. Nf3 Nf6 4. Qc2 Be7 5. Nc3 d5 6. Bf4 c6 7. e3 Ne4 8. Bd3 Nd7 9. h3 Qa5 10. Ke2 Nxc3+ 11. bxc3 dxc4 12. Bxc4 Nb6 13. Bc7 Bd8 14. Bxd8 Kxd8 15. Bb3 Nd5 16. Rac1 b6 17. Ne5 Ba6+ 18. c4 Kc7 19. Nd3 Nb4 20. Nxb4 Qxb4 21. Kf3 Raf8 22. c5 f4 23. cxb6+ Kb8 24. bxa7+ Ka8 25. e4 Qxd4 26. Rhd1 Qe5 27. Qc5 Qb2 28. Rc2 1-0

[Event "Oberliga Ost-B 0809"]
[Site "Germany"]
[Date "2009.03.29"]
[Round "11.7"]
[White "Kosak, Michael"]
[Black "Fischer, Dieter"]
[Result "0-1"]
[WhiteElo "2127"]
[BlackElo "2112"]
[PlyCount "110"]
[EventDate "2008.10.26"]
[EventType "team-tourn"]
[EventRounds "11"]
[EventCountry "GER"]
[SourceTitle "EXT 2010"]
[Source "ChessBase"]
[SourceDate "2010.11.25"]
[SourceVersion "1"]
[SourceVersionDate "2010.11.25"]
[SourceQuality "1"]
[WhiteTeam "Giessen"]
[BlackTeam "Erfurt SK II"]
[WhiteTeamCountry "GER"]
[BlackTeamCountry "GER"]

1. d4 d5 2. c4 Bf5 3. Nc3 e6 4. Nf3 c6 5. e3 Nf6 6. Nh4 Bg4 7. Qb3 Qb6 8. Bd3 Qxb3 9. axb3 Be7 10. 0-0 Nbd7 11. f3 Bh5 12. g3 0-0 13. Bd2 a6 14. c5 e5 15. Nf5 Rfe8 16. Nxe7+ Rxe7 17. b4 Rae8 18. Rae1 exd4 19. exd4 Rxe1 20. Bxe1 Bxf3 21. Rxf3 Rxe1+ 22. Kf2 Re7 23. h3 Nf8 24. Re3 Rxe3 25. Kxe3 g6 26. Ne2 Ne6 27. Ng1 h5 28. Nf3 Nd7 29. g4 hxg4 30. hxg4 g5 31. Bf5 Ndf8 32. Nxg5 Nxg5 33. Bc8 Nfe6 34. Bxb7 Nc7 35. Bxc6 Nge6 36. Ba4 Kg7 37. Bc2 Kf6 38. Bf5 Kg5 39. b3 Nb5 40. c6 Nbxd4 41. Bd3 Nxc6 42. Bxa6 Nxb4 43. Be2 f5 44. gxf5 Kxf5 45. Bb5 Ke5 46. Bc4 d4+ 47. Kd2 Nc5 48. Kc1 Ne4 49. Kd1 Kf4 50. Ke1 Ke3 51. Kd1 Nf2+ 52. Ke1 Nc2+ 53. Kf1 Nd3 54. Ba6 Kd2 55. Bc4 Ne3+ 0-1

[Event "Oberliga Ost-B 0809"]
[Site "Germany"]
[Date "2009.01.31"]
[Round "6.8"]
[White "Kopp, Peter"]
[Black "Kosak, Michael"]
[Result "1/2-1/2"]
[WhiteElo "2127"]
[BlackElo "2127"]
[PlyCount "92"]
[EventDate "2008.10.26"]
[EventType "team-tourn"]
[EventRounds "11"]
[EventCountry "GER"]
[SourceTitle "EXT 2010"]
[Source "ChessBase"]
[SourceDate "2010.11.25"]
[SourceVersion "1"]
[SourceVersionDate "2010.11.25"]
[SourceQuality "1"]
[WhiteTeam "Hofheim II"]
[BlackTeam "Giessen"]
[WhiteTeamCountry "GER"]
[BlackTeamCountry "GER"]

1. e4 c5 2. Nf3 e6 3. d3 Nc6 4. g3 g6 5. Bg2 Bg7 6. c3 Nge7 7. 0-0 0-0 8. Re1 e5 9. a3 d6 10. b4 b6 11. b5 Nb8 12. c4 Bg4 13. h3 Be6 14. Nc3 h6 15. Ra2 a6 16. Qb3 a5 17. a4 Ra7 18. Rae2 f5 19. Nd5 g5 20. Qd1 Ng6 21. exf5 Bxf5 22. Ne3 Be6 23. Nd2 Nd7 24. Bd5 Qe7 25. Ne4 Nf6 26. Nf5 Qd7 27. Nxf6+ Rxf6 28. Ne3 Ne7 29. Bxe6+ Qxe6 30. Kh2 Ra8 31. Ng4 Rf5 32. Kg2 Qg6 33. Re4 Raf8 34. Rf1 Kh7 35. Ne3 R5f7 36. Qe2 Qe6 37. Qg4 Qg6 38. h4 gxh4 39. Qxg6+ Nxg6 40. Bd2 hxg3 41. fxg3 Rxf1 42. Nxf1 Bf6 43. Rg4 Ne7 44. Re4 Nf5 45. Re2 Kg6 46. Rf2 Ne7 1/2-1/2

[Event "Oberliga Ost-B 0809"]
[Site "Germany"]
[Date "2008.12.14"]
[Round "4.7"]
[White "Kosak, Michael"]
[Black "Frei, Markus"]
[Result "1-0"]
[WhiteElo "2127"]
[BlackElo "1958"]
[PlyCount "55"]
[EventDate "2008.10.26"]
[EventType "team-tourn"]
[EventRounds "11"]
[EventCountry "GER"]
[SourceTitle "EXT 2010"]
[Source "ChessBase"]
[SourceDate "2010.11.25"]
[SourceVersion "1"]
[SourceVersionDate "2010.11.25"]
[SourceQuality "1"]
[WhiteTeam "Giessen"]
[BlackTeam "Moerlenbach"]
[WhiteTeamCountry "GER"]
[BlackTeamCountry "GER"]

1. d4 d5 2. c4 c6 3. Nc3 Nf6 4. e3 a6 5. a4 e6 6. Nf3 Nbd7 7. Bd3 Bd6 8. 0-0 0-0 9. e4 dxe4 10. Nxe4 Nxe4 11. Bxe4 Nf6 12. Bc2 c5 13. Bg5 b6 14. Qd3 g6 15. dxc5 Be7 16. Qxd8 Rxd8 17. cxb6 Bb7 18. Rfd1 Kg7 19. Bf4 Ne8 20. Rxd8 Rxd8 21. Rd1 Rxd1+ 22. Bxd1 f6 23. Nd2 e5 24. Be3 Nd6 25. c5 Nf5 26. Bf3 Nxe3 27. Bxb7 Bxc5 28. Nb3 1-0

[Event "Schleswig Holstein-ch M 63rd"]
[Site "Gross Groenau"]
[Date "2008.03.21"]
[Round "7"]
[White "Kosak, Michael"]
[Black "Richter, Andreas"]
[Result "1-0"]
[WhiteElo "2123"]
[BlackElo "2191"]
[PlyCount "59"]
[EventDate "2008.03.15"]
[EventType "swiss"]
[EventRounds "9"]
[EventCountry "GER"]
[SourceTitle "EXT 2010"]
[Source "ChessBase"]
[SourceDate "2010.11.25"]
[SourceVersion "1"]
[SourceVersionDate "2010.11.25"]
[SourceQuality "1"]

1. d4 g6 2. c4 Bg7 3. Nc3 d6 4. Nf3 Nf6 5. g3 0-0 6. Bg2 c6 7. 0-0 Nbd7 8. e4 e5 9. h3 Re8 10. Be3 exd4 11. Nxd4 Nc5 12. Qc2 Qe7 13. Rfe1 Bd7 14. f3 a5 15. Rad1 Be6 16. Nxe6 Nxe6 17. f4 Nc5 18. Bf2 h5 19. Bxc5 dxc5 20. e5 Nh7 21. Ne4 Nf8 22. Nd6 Red8 23. h4 Ne6 24. Qb3 Rd7 25. Be4 Nd4 26. Rxd4 cxd4 27. c5 a4 28. Qc4 Bxe5 29. Bxg6 Qf6 30. Rxe5 1-0

[Event "Schleswig Holstein-ch M 63rd"]
[Site "Gross Groenau"]
[Date "2008.03.20"]
[Round "6"]
[White "Kosak, Michael"]
[Black "Krueger, Wolfgang"]
[Result "1/2-1/2"]
[WhiteElo "2123"]
[BlackElo "2195"]
[PlyCount "28"]
[EventDate "2008.03.15"]
[EventType "swiss"]
[EventRounds "9"]
[EventCountry "GER"]
[SourceTitle "EXT 2010"]
[Source "ChessBase"]
[SourceDate "2010.11.25"]
[SourceVersion "1"]
[SourceVersionDate "2010.11.25"]
[SourceQuality "1"]

1. d4 g6 2. c4 Bg7 3. Nc3 d6 4. Nf3 Nf6 5. g3 0-0 6. Bg2 Nbd7 7. 0-0 e5 8. e4 c6 9. h3 Re8 10. Be3 h6 11. Qc2 Qe7 12. Rad1 Nh5 13. Kh2 Rf8 14. Nh4 Nf4 1/2-1/2

[Event "Schleswig Holstein-ch M 63rd"]
[Site "Gross Groenau"]
[Date "2008.03.18"]
[Round "4"]
[White "Kosak, Michael"]
[Black "Nixdorf, Andre"]
[Result "1/2-1/2"]
[WhiteElo "2123"]
[BlackElo "1874"]
[PlyCount "37"]
[EventDate "2008.03.15"]
[EventType "swiss"]
[EventRounds "9"]
[EventCountry "GER"]
[SourceTitle "EXT 2010"]
[Source "ChessBase"]
[SourceDate "2010.11.25"]
[SourceVersion "1"]
[SourceVersionDate "2010.11.25"]
[SourceQuality "1"]

1. d4 Nf6 2. c4 g6 3. Nc3 d5 4. Bg5 Ne4 5. Bh4 Nxc3 6. bxc3 Bg7 7. e3 c5 8. Nf3 Nc6 9. Be2 0-0 10. 0-0 dxc4 11. Bxc4 Na5 12. Bd3 b6 13. Qe2 Bb7 14. Nd2 Qc7 15. Rac1 e5 16. Bg3 Qe7 17. Nb3 Nxb3 18. axb3 Rac8 19. dxe5 1/2-1/2

[Event "Oberliga Nord N 0607"]
[Site "Germany"]
[Date "2006.10.29"]
[Round "2.6"]
[White "Kosak, Michael"]
[Black "Kitschke, Heiko"]
[Result "1/2-1/2"]
[WhiteElo "2119"]
[BlackElo "1936"]
[PlyCount "61"]
[EventDate "2006.10.15"]
[EventType "team-tourn"]
[EventRounds "9"]
[EventCountry "GER"]
[SourceTitle "EXT 2019"]
[Source "ChessBase"]
[SourceDate "2018.10.10"]
[SourceVersion "1"]
[SourceVersionDate "2018.10.10"]
[SourceQuality "1"]
[WhiteTeam "Neumuenster Agon"]
[BlackTeam "Schwarzenbek"]
[WhiteTeamCountry "GER"]
[BlackTeamCountry "GER"]

1. d4 Nf6 2. Nf3 g6 3. c4 Bg7 4. Nc3 d5 5. Bg5 Ne4 6. Bh4 Nxc3 7. bxc3 dxc4 8. e3 0-0 9. Bxc4 c5 10. 0-0 Nc6 11. Qe2 Qc7 12. h3 e6 13. Rfd1 cxd4 14. cxd4 Na5 15. Rac1 Qb6 16. Bb5 a6 17. Ba4 Qb4 18. Bc2 Bd7 19. Be4 Bb5 20. Bd3 Bxd3 21. Qxd3 Rfc8 22. Qe4 Qb2 23. Rxc8+ Rxc8 24. Rd2 Qc1+ 25. Kh2 Qc6 26. Qf4 Nc4 27. Rc2 b5 28. Ne5 Qb7 29. Bf6 Bxf6 30. Qxf6 Nxe5 31. Rxc8+ 1/2-1/2

[Event "Oberliga Nord N 0506"]
[Site "Germany"]
[Date "2005.12.11"]
[Round "4.5"]
[White "Dettmann, Steffen"]
[Black "Kosak, Michael"]
[Result "1/2-1/2"]
[WhiteElo "2094"]
[BlackElo "2104"]
[PlyCount "26"]
[EventDate "2005.10.23"]
[EventType "team-tourn"]
[EventRounds "9"]
[EventCountry "GER"]
[SourceTitle "EXT 2007"]
[Source "ChessBase"]
[SourceDate "2006.11.23"]
[SourceVersion "1"]
[SourceVersionDate "2006.11.23"]
[SourceQuality "1"]
[WhiteTeam "Hamburg Koenigsspringer"]
[BlackTeam "Neumuenster"]
[WhiteTeamCountry "GER"]
[BlackTeamCountry "GER"]

1. e4 c5 2. Nf3 d6 3. d4 cxd4 4. Nxd4 Nf6 5. Nc3 Nc6 6. Be2 e6 7. 0-0 Be7 8. Be3 0-0 9. a3 a6 10. Qe1 Qc7 11. f4 Bd7 12. Qg3 Ne8 13. Rad1 Bf6 1/2-1/2

[Event "Oberliga Nord N 0405"]
[Site "Germany"]
[Date "2005.02.13"]
[Round "7.4"]
[White "Hoffmann, Michael2222"]
[Black "Kosak, Michael"]
[Result "1-0"]
[WhiteElo "2054"]
[BlackElo "2112"]
[PlyCount "91"]
[EventDate "2004.10.24"]
[EventType "team-tourn"]
[EventRounds "9"]
[EventCountry "GER"]
[SourceTitle "EXT 2006"]
[Source "ChessBase"]
[SourceDate "2005.11.24"]
[SourceVersion "1"]
[SourceVersionDate "2005.11.24"]
[SourceQuality "1"]
[WhiteTeam "Kiel Meerbauer"]
[BlackTeam "Neumuenster"]
[WhiteTeamCountry "GER"]
[BlackTeamCountry "GER"]

1. Nf3 Nf6 2. g3 g6 3. Bg2 Bg7 4. c4 d6 5. Nc3 0-0 6. 0-0 Nc6 7. Rb1 e5 8. d3 Nh5 9. Nd5 Ne7 10. Qb3 c6 11. Nc3 h6 12. e4 Kh7 13. Qd1 f5 14. exf5 Bxf5 15. Nh4 Be6 16. Nxg6 Kxg6 17. Be4+ Bf5 18. Qg4+ Kh7 19. Qxh5 d5 20. cxd5 cxd5 21. Nxd5 Bxe4 22. dxe4 Nxd5 23. exd5 Qxd5 24. Rd1 Qe6 25. Be3 b6 26. Rbc1 Rac8 27. b3 Rxc1 28. Rxc1 Rf7 29. Rc4 a6 30. Bxb6 Rd7 31. Be3 Rd5 32. Qg4 Qxg4 33. Rxg4 Bf6 34. Ra4 Rd6 35. Kg2 Kg6 36. Kf3 h5 37. Ke4 Kf7 38. Kf5 Rc6 39. h4 Rd6 40. g4 hxg4 41. Rxg4 Bg7 42. h5 Rc6 43. Rg6 Rf6+ 44. Rxf6+ Bxf6 45. h6 Bh8 46. Bb6 1-0

[Event "Oberliga Nord N 0405"]
[Site "Germany"]
[Date "2004.12.12"]
[Round "4.4"]
[White "Kosak, Michael"]
[Black "Zierke, Oliver"]
[Result "0-1"]
[WhiteElo "2112"]
[BlackElo "2288"]
[PlyCount "68"]
[EventDate "2004.10.24"]
[EventType "team-tourn"]
[EventRounds "9"]
[EventCountry "GER"]
[SourceTitle "EXT 2006"]
[Source "ChessBase"]
[SourceDate "2005.11.24"]
[SourceVersion "1"]
[SourceVersionDate "2005.11.24"]
[SourceQuality "1"]
[WhiteTeam "Neumuenster"]
[BlackTeam "Norderstedt"]
[WhiteTeamCountry "GER"]
[BlackTeamCountry "GER"]

1. d4 Nf6 2. Nf3 e6 3. c4 c5 4. d5 exd5 5. cxd5 d6 6. Nc3 g6 7. e4 Bg7 8. Be2 0-0 9. 0-0 a6 10. a4 Bg4 11. Nd2 Bxe2 12. Qxe2 Nbd7 13. Nc4 Nb6 14. Bf4 Nxc4 15. Qxc4 Nh5 16. Bd2 f5 17. exf5 gxf5 18. Rfe1 f4 19. Re6 Be5 20. Ne4 b5 21. Qd3 Ng7 22. Rh6 Nf5 23. Rh5 Ng7 24. Ng5 Rf5 25. Ne6 Qf6 26. Nxg7 Rxh5 27. Nxh5 Qf7 28. Qf3 Bxb2 29. Ra2 Be5 30. axb5 Qf5 31. Qd1 f3 32. Ng3 Bxg3 33. hxg3 fxg2 34. Be3 Qh3 0-1

[Event "Oberliga Nord N 0405"]
[Site "Germany"]
[Date "2004.10.24"]
[Round "1.4"]
[White "Kosak, Michael"]
[Black "Salov, Sergej"]
[Result "1/2-1/2"]
[WhiteElo "2112"]
[BlackElo "2291"]
[PlyCount "151"]
[EventDate "2004.10.24"]
[EventType "team-tourn"]
[EventRounds "9"]
[EventCountry "GER"]
[SourceTitle "EXT 2006"]
[Source "ChessBase"]
[SourceDate "2005.11.24"]
[SourceVersion "1"]
[SourceVersionDate "2005.11.24"]
[SourceQuality "1"]
[WhiteTeam "Neumuenster"]
[BlackTeam "Luebeck II"]
[WhiteTeamCountry "GER"]
[BlackTeamCountry "GER"]

1. d4 Nf6 2. Nf3 g6 3. c4 d6 4. Nc3 Nbd7 5. g3 Bg7 6. Bg2 0-0 7. 0-0 e5 8. Qc2 exd4 9. Nxd4 Nb6 10. b3 c5 11. Ndb5 a6 12. Na3 Bf5 13. Qb2 d5 14. cxd5 Nfxd5 15. Bd2 Re8 16. Rfe1 Nb4 17. Rad1 Qe7 18. Qc1 Qe5 19. Bxb7 Rad8 20. Nab1 Bc2 21. Bf4 Rxd1 22. Rxd1 Qe7 23. Bf3 Bxd1 24. Qxd1 Be5 25. Bxe5 Rd8 26. Qc1 Qxe5 27. Kg2 Qd4 28. Qa3 f6 29. Qc1 Kg7 30. a3 N4d5 31. e3 Qe5 32. Ne4 f5 33. Nxc5 Rc8 34. b4 Na4 35. Qc4 Nxc5 36. Bxd5 Rd8 37. Nc3 Na4 38. Nxa4 Qxd5+ 39. Qxd5 Rxd5 40. Nc5 a5 41. Ne6+ Kf7 42. Nd4 axb4 43. axb4 Rd7 44. h4 Kf6 45. b5 Ra7 46. Kf3 Ra2 47. Nc6 Rb2 48. Nd4 h6 49. Kg2 g5 50. hxg5+ hxg5 51. Kf3 Rd2 52. Nc6 Rc2 53. Kg2 Rb2 54. Nd4 Ke5 55. Nf3+ Kf6 56. Nd4 g4 57. Kf1 Ke5 58. Kg2 Ke4 59. Kg1 f4 60. gxf4 g3 61. fxg3 Kxe3 62. Nf5+ Kf3 63. b6 Kg4 64. Ne3+ Kxg3 65. Kf1 Kf3 66. Nd1 Rxb6 67. Ke1 Kxf4 68. Ke2 Ke4 69. Nf2+ Kd4 70. Kf3 Rf6+ 71. Kg3 Rf7 72. Ng4 Rf8 73. Nf2 Ke3 74. Ng4+ Ke2 75. Ne5 Rf5 76. Ng4 1/2-1/2

[Event "Oberliga Nord N 0304"]
[Site "Germany"]
[Date "2004.03.28"]
[Round "8.3"]
[White "Bokelbrink, Uwe"]
[Black "Kosak, Michael"]
[Result "1-0"]
[WhiteElo "2254"]
[BlackElo "2090"]
[PlyCount "145"]
[EventDate "2003.10.12"]
[EventType "team-tourn"]
[EventRounds "9"]
[EventCountry "GER"]
[SourceTitle "EXT 2005"]
[Source "ChessBase"]
[SourceDate "2004.11.15"]
[SourceVersion "1"]
[SourceVersionDate "2004.11.15"]
[SourceQuality "1"]
[WhiteTeam "Pinneberg"]
[BlackTeam "Neumuenster"]
[WhiteTeamCountry "GER"]
[BlackTeamCountry "GER"]

1. e4 c5 2. Nf3 d6 3. c3 Nf6 4. Be2 g6 5. 0-0 Bg7 6. Bb5+ Bd7 7. Bxd7+ Nbxd7 8. Re1 0-0 9. d4 e6 10. Nbd2 Qc7 11. Nf1 Rac8 12. d5 exd5 13. exd5 Nb6 14. Ne3 Rce8 15. c4 Ne4 16. Qc2 Nd7 17. Nf1 f5 18. Bf4 Ndf6 19. Rab1 h6 20. h4 Re7 21. Ng3 Rfe8 22. Nxe4 Rxe4 23. Rxe4 Rxe4 24. Bg3 Qe7 25. Kf1 f4 26. Bh2 Ng4 27. Bg1 Kf7 28. h5 g5 29. Nd2 Re2 30. Qd1 Rxd2 31. Qxd2 Qe4 32. Rc1 Ne5 33. Qe2 Qf5 34. f3 Nd3 35. Qc2 Kf6 36. Rd1 Ne5 37. Qe2 b6 38. b3 Kf7 39. Re1 Bf6 40. Qe4 Qxe4 41. Rxe4 Bg7 42. Bf2 Kf6 43. Be1 Kf5 44. Bd2 a5 45. Ke2 Bf6 46. Kd1 Bg7 47. Kc2 Bh8 48. a3 Bf6 49. b4 a4 50. bxc5 bxc5 51. Bc3 Bg7 52. Re1 Bf6 53. Bxe5 Bxe5 54. Rb1 g4 55. Rb8 gxf3 56. gxf3 Kg5 57. Ra8 Kxh5 58. Rxa4 Kh4 59. Kd3 Kg3 60. Ke2 h5 61. Ra8 h4 62. Rg8+ Kh2 63. a4 Bc3 64. Rg4 h3 65. Kf1 Bd2 66. Kf2 Kh1 67. Ke2 h2 68. Kf1 Ba5 69. Rxf4 Bd8 70. Rf7 Bb6 71. f4 Ba5 72. f5 Bc7 73. Rd7 1-0

[Event "Oberliga Nord N 0304"]
[Site "Germany"]
[Date "2004.03.07"]
[Round "7.4"]
[White "Porth, Hartmut"]
[Black "Kosak, Michael"]
[Result "1/2-1/2"]
[WhiteElo "2173"]
[BlackElo "2090"]
[PlyCount "26"]
[EventDate "2003.10.12"]
[EventType "team-tourn"]
[EventRounds "9"]
[EventCountry "GER"]
[SourceTitle "EXT 2005"]
[Source "ChessBase"]
[SourceDate "2004.11.15"]
[SourceVersion "1"]
[SourceVersionDate "2004.11.15"]
[SourceQuality "1"]
[WhiteTeam "Kiel Meerbauer"]
[BlackTeam "Neumuenster"]
[WhiteTeamCountry "GER"]
[BlackTeamCountry "GER"]

1. e4 c5 2. d3 e6 3. f4 Nc6 4. Nf3 d5 5. Nbd2 Be7 6. g3 b6 7. Bg2 Nf6 8. e5 Ng4 9. Nf1 h5 10. h3 Nh6 11. Be3 Bb7 12. Bf2 Qc7 13. Qe2 0-0-0 1/2-1/2

[Event "Oberliga Nord N 0304"]
[Site "Germany"]
[Date "2004.01.18"]
[Round "5.4"]
[White "Hochgraefe, Markus"]
[Black "Kosak, Michael"]
[Result "1-0"]
[WhiteElo "2348"]
[BlackElo "2090"]
[PlyCount "83"]
[EventDate "2003.10.12"]
[EventType "team-tourn"]
[EventRounds "9"]
[EventCountry "GER"]
[SourceTitle "EXT 2005"]
[Source "ChessBase"]
[SourceDate "2004.11.15"]
[SourceVersion "1"]
[SourceVersionDate "2004.11.15"]
[SourceQuality "1"]
[WhiteTeam "Hamburg Koenigsspringer"]
[BlackTeam "Neumuenster"]
[WhiteTeamCountry "GER"]
[BlackTeamCountry "GER"]

1. Nf3 Nf6 2. c4 c5 3. Nc3 Nc6 4. d4 cxd4 5. Nxd4 e6 6. Ndb5 d6 7. Bf4 e5 8. Bg5 a6 9. Bxf6 gxf6 10. Na3 f5 11. e3 Be7 12. Be2 0-0 13. 0-0 Be6 14. Qd2 Qb6 15. Rfd1 Rfd8 16. Nd5 Qa7 17. Nb1 Bg5 18. Nbc3 Rd7 19. Kh1 Kh8 20. f4 Bh4 21. Rf1 Rg8 22. Bd3 e4 23. Be2 Qb8 24. Rfd1 Qf8 25. b4 Qg7 26. Bf1 Ne7 27. Nxe7 Bxe7 28. Rac1 Rc7 29. Nd5 Bxd5 30. Qxd5 Qf6 31. a4 Rgc8 32. a5 Kg7 33. Be2 Qe6 34. Qd4+ Qf6 35. Qxf6+ Kxf6 36. Rd5 Kg6 37. g4 fxg4 38. Bxg4 Re8 39. Rg1 Kf6 40. Rf5+ Kg6 41. Bh3+ Kh6 42. Bf1 1-0